খুলনা শহর : (Record no. 77670)
[ view plain ]
| 000 -LEADER | |
|---|---|
| fixed length control field | 01554nam a2200253 a 4500 |
| 001 - CONTROL NUMBER | |
| control field | 77670 |
| 003 - CONTROL NUMBER IDENTIFIER | |
| rucl marc code | BD-RjUL |
| 005 - DATE AND TIME OF LATEST TRANSACTION | |
| control field | 20211209083017.0 |
| 008 - FIXED-LENGTH DATA ELEMENTS--GENERAL INFORMATION | |
| fixed length control field | 201223s2004 bg a|||| m||| 00| 0 ben d |
| 035 ## - SYSTEM CONTROL NUMBER | |
| System control number | (BD-RjUL)77896 |
| 040 ## - CATALOGING SOURCE | |
| Original cataloging agency | BD-RjUL |
| Language of cataloging | ben/eng |
| Transcribing agency | BD-RjUL |
| Modifying agency | BD-RjUL |
| 041 ## - LANGUAGE CODE | |
| Language code of text/sound track or separate title | ben |
| 082 ## - DEWEY DECIMAL CLASSIFICATION NUMBER | |
| Classification number | 954.925 |
| Author mark and year | ROK 2004 |
| Edition number | 23 |
| 100 ## - MAIN ENTRY--PERSONAL NAME | |
| Personal name | রায়, দুর্গাপদ |
| 9 (RLIN) | 242845 |
| 245 10 - TITLE STATEMENT | |
| Title | খুলনা শহর : |
| Remainder of title | উৎপত্তি ও বিকাশ (১৮৪২-১৯৮৪) / |
| Statement of responsibility, etc. | দুর্গাপদ রায় ; |
| Linkage | তত্ত্বাবধায়ক: প্রীতি কুমার মিত্র |
| 260 ## - PUBLICATION, DISTRIBUTION, ETC. (IMPRINT) | |
| Place of publication, distribution, etc. | রাজশাহী : |
| Name of publisher, distributor, etc. | ইনস্টিটিউট অব বাংলাদেশ স্টাডিজ, রাজশাহী বিশ্ববিদ্যালয়, |
| Date of publication, distribution, etc. | ২০০৪ |
| 300 ## - PHYSICAL DESCRIPTION | |
| Pagination | [২৬] , ৪৯৯ পাতা : |
| Illustrations | চিএ ; |
| Size | ২৯ সেমি. |
| 502 ## - DISSERTATION NOTE | |
| Dissertation note | থিসিস (পিএইচ. ডি.) -- ইনস্টিটিউট অব বাংলাদেশ স্টাডিজ, রাজশাহী বিশ্ববিদ্যালয়, ২০০৪ |
| 504 ## - BIBLIOGRAPHY, ETC. NOTE | |
| Bibliography, etc | গ্রন্থপঞ্জি: পাতা ৪৭৫-৪৯৯ |
| 651 ## - SUBJECT ADDED ENTRY--GEOGRAPHIC NAME | |
| Geographic name | বাংলাদেশ |
| Geographic subdivision | খুলনা |
| General subdivision | ইতিহাস |
| Chronological subdivision | ১৮৪২-১৯৮৪ |
| 9 (RLIN) | 242846 |
| Geographic name | Bangladesh |
| Geographic subdivision | Khulna |
| General subdivision | History |
| Chronological subdivision | 1842-1984 |
| 9 (RLIN) | 242847 |
| 700 ## - ADDED ENTRY--PERSONAL NAME | |
| Personal name | মিত্র, প্রীতি কুমার, তত্ত্বাবধায়ক |
| 942 ## - ADDED ENTRY ELEMENTS (KOHA) | |
| Source of classification or shelving scheme | Dewey Decimal Classification |
| Koha item type | Theses |
| Lost status | Source of classification or shelving scheme | Damaged status | Not for loan | Collection code | Permanent Location | Current Location | Shelving location | Date acquired | Source of acquisition | Total Checkouts | Full call number | Date last seen | Copy number | Koha item type |
|---|---|---|---|---|---|---|---|---|---|---|---|---|---|---|
| Dewey Decimal Classification | Not For Loan | Theses | Central Library, University of Rajshahi | Central Library, University of Rajshahi | Documentation Section | 08/07/2004 | Controller of Exam. , R. U. | BTHE 954.925 ROK 2004 | 23/12/2020 | C-1 | Theses |